| 000 | 01000nmm a2200289 a 4500 | ||
|---|---|---|---|
| 001 | ocm000579599 | ||
| 003 | TR-IsHL | ||
| 005 | 20201028121804.0 | ||
| 008 | 131028s2000 tu tur | ||
| 007 | cr cn | ||
| 020 | _a9789754450668 | ||
| 035 |
_a579599 _b(N$T) |
||
| 050 | 0 | 4 |
_aBF1461 _b.S56 2000 |
| 090 | 0 | 4 |
_aBF1461 _b.S56 2000 |
| 100 | 1 | _aSinger, Kurt | |
| 245 | 1 | 0 |
_aBu hayatın ötesinden: yaşanmış doğaüstü olaylar, büyüler, hayaletler, ruh çağırma seansları _h[electronic resource] / _cKurt Singer ; çev. Mine Tekin |
| 250 | _a1. bs. | ||
| 260 |
_aİstanbul : _bToker Yayınları, _c2000 |
||
| 300 | _a328 p. | ||
| 650 | 4 | _aFelsefe, Psikoloji ve Din | |
| 650 | 4 | _aPhilosophy, Psychology and Religion | |
| 650 | 0 | _aParapsikoloji | |
| 650 | 0 | _aParapsychology | |
| 650 | 7 |
_aBODY, MIND & SPIRIT / Parapsychology / General _2bisacsh |
|
| 700 | 1 | _aTekin, Mine | |
| 856 | 4 | 0 | _uhttp://search.ebscohost.com/login.aspx?direct=true&scope=site&db=e011xww&AN=579599 |
| 999 |
_c1518 _d1518 |
||